[Event "OBEM 2016"]
[Site "Germany , Bremen"]
[Date "2016.03.23"]
[Round "6.1"]
[White "Jugelt, Tobias"]
[Black "Balazs, Balint"]
[Result "1-0"]
[WhiteElo "2427"]
[BlackElo "2101"]
[PlyCount "103"]

1. d4 Nf6 2. Nf3 e6 3. b3 d5 4. e3 Be7 5. Bd3 b6 6. O-O Bb7 7. Bb2 Nbd7 8. Qe2
O-O 9. Nbd2 Ne4 10. a3 c5 11. Rfd1 Rc8 12. c4 Nxd2 13. Rxd2 cxd4 14. Bxd4 Bf6
15. cxd5 Bxd5 16. Ba6 Rc7 17. b4 Bxd4 18. Rxd4 Bxf3 19. Qxf3 Qf6 20. Rad1 Qxf3
21. gxf3 Ne5 22. Kg2 Rc3 23. Ra1 g5 24. h4 gxh4 25. Rxh4 Rd8 26. a4 Ng6 27.
Rhh1 Rd2 28. Kg3 Rb3 29. Rab1 Rdb2 30. Rxb2 Rxb2 31. b5 Ra2 32. Rc1 Ne5 33. e4
Rxa4 34. Rc7 Ng6 35. Rxa7 h5 36. Rb7 h4+ 37. Kg4 Ra1 38. Rxb6 Rg1+ 39. Kh3 Rh1+
40. Kg2 Rb1 41. Rd6 Nf4+ 42. Kh2 Rb2 43. b6 Rxf2+ 44. Kg1 Rb2 45. b7 Kg7 46.
Rd8 Rb1+ 47. Kf2 Rb2+ 48. Ke3 Ng2+ 49. Kd4 h3 50. b8=Q Rxb8 51. Rxb8 Ne1 52.
Rb1 1-0

[Event "OBEM 2016"]
[Site "Germany , Bremen"]
[Date "2016.03.23"]
[Round "6.2"]
[White "Kardoeus, David"]
[Black "Steingraeber, Kai Uwe"]
[Result "0-1"]
[WhiteElo "2110"]
[BlackElo "2147"]
[PlyCount "164"]

1. e4 d6 2. d4 Nf6 3. Nc3 g6 4. f4 Bg7 5. Nf3 O-O 6. e5 Nfd7 7. Bc4 Nb6 8. Bb3
Nc6 9. a4 dxe5 10. fxe5 Na5 11. Ba2 c5 12. dxc5 Qxd1+ 13. Nxd1 Nbc4 14. Ne3
Nxe5 15. O-O Nac6 16. Nxe5 Bxe5 17. c3 Kg7 18. Bd2 f5 19. Rae1 Bb8 20. b4 e5
21. b5 Nd8 22. Bd5 Bc7 23. c4 Bd7 24. Bc3 Rc8 25. Nc2 Kf6 26. Nb4 Bb8 27. Nd3
Re8 28. Re2 Be6 29. Rfe1 Bxd5 30. cxd5 Nf7 31. d6 Bxd6 32. cxd6 Rxc3 33. d7 Rd8
34. Nxe5 Nxe5 35. Rxe5 Rxd7 36. Re6+ Kf7 37. b6 Ra3 38. bxa7 Rxa4 39. Rb6 Rxa7
40. Reb1 Kg7 41. R1b2 Kh6 42. Kf2 Kg5 43. R6b4 Kf6 44. Rb6+ Ke7 45. Kg3 Kd8 46.
Kh4 Ra4+ 47. Kg5 Kc8 48. h3 Ra6 49. R6b4 Kb8 50. Kh6 Ka7 51. g4 Ra3 52. Rh2
Rdd3 53. h4 fxg4 54. Rxg4 Rd7 55. Rb2 Ra5 56. Rg5 Ra4 57. h5 Rh4 58. Ra2+ Kb8
59. Rb2 Rxh5+ 60. Rxh5 gxh5 61. Kxh5 Rg7 62. Kh6 Rg3 63. Kxh7 Kc7 64. Rc2+ Kd6
65. Rb2 Kc6 66. Rc2+ Kd7 67. Rd2+ Kc7 68. Rc2+ Kb8 69. Rb2 Rg4 70. Kh6 Kc7 71.
Kh5 Rc4 72. Kg5 Kc6 73. Kf5 b5 74. Ke5 Kc5 75. Ra2 Rh4 76. Rc2+ Kb4 77. Rc1 Ka3
78. Ra1+ Kb2 79. Rg1 b4 80. Rg2+ Ka3 81. Rg3+ b3 82. Rxb3+ Kxb3 0-1

[Event "OBEM 2016"]
[Site "Germany , Bremen"]
[Date "2016.03.23"]
[Round "6.3"]
[White "Sawadkuhi, Massoud Armin"]
[Black "Boehning, Kilian"]
[Result "0-1"]
[WhiteElo "2149"]
[BlackElo "2141"]
[PlyCount "118"]

1. e4 e5 2. Nf3 Nc6 3. Bb5 a6 4. Ba4 Nf6 5. d3 Bc5 6. Be3 Qe7 7. Nc3 b5 8. Bb3
Nd4 9. Bxd4 exd4 10. Ne2 d5 11. e5 Ng4 12. Bxd5 Rb8 13. O-O O-O 14. Re1 Nxe5
15. Ng3 Nxf3+ 16. Qxf3 Qd8 17. Re2 Rb6 18. Ne4 Be7 19. Rae1 Rg6 20. h3 Bd7 21.
Ng3 Bb4 22. Rf1 Qc8 23. a3 Bd6 24. Rfe1 c6 25. Bb3 Kh8 26. Re4 c5 27. Bd5 Rf6
28. Qe2 Qb8 29. Nf1 Rg6 30. Qf3 Rf6 31. Qe2 Qd8 32. Nd2 Rg6 33. Qh5 Rg5 34.
Qxf7 Rxf7 35. Bxf7 g6 36. Nf3 Rf5 37. Re8+ Bxe8 38. Rxe8+ Qxe8 39. Bxe8 Bf4 40.
b3 Rf6 41. Kf1 Rd6 42. g3 Kg7 43. gxf4 Kf8 44. Bxg6 hxg6 45. Ke2 Ke7 46. Ng5
Rc6 47. Nf3 Re6+ 48. Kf1 a5 49. f5 gxf5 50. h4 f4 51. h5 Rh6 52. Ne5 Ke6 53.
Nc6 Rxh5 54. Nxa5 f3 55. Kg1 Rh7 56. b4 Kd5 57. bxc5 Kxc5 58. Nb3+ Kd5 59. Nd2
Rc7 0-1

[Event "OBEM 2016"]
[Site "Germany , Bremen"]
[Date "2016.03.23"]
[Round "6.4"]
[White "Lorenzen, Bjoern"]
[Black "Margraf, Daniel"]
[Result "0-1"]
[WhiteElo "2030"]
[BlackElo "2219"]
[PlyCount "86"]

1. d4 Nf6 2. Nf3 g6 3. c4 Bg7 4. Nc3 O-O 5. e4 d6 6. Be2 Nbd7 7. O-O e5 8. h3
Re8 9. d5 Nc5 10. Qc2 a5 11. Nd2 Rf8 12. Nb3 Bd7 13. Nxc5 dxc5 14. Be3 b6 15.
f4 Ne8 16. Bd3 Nd6 17. f5 f6 18. g4 Qe7 19. Rf2 Rae8 20. Raf1 Ra8 21. a4 Kf7
22. Re1 Rh8 23. Rh2 Rag8 24. Kf1 Ke8 25. Ree2 Kd8 26. Reg2 Be8 27. b3 h5 28.
Qd2 Rh7 29. Ke1 Rgh8 30. Qf2 Bh6 31. Bxh6 Rxh6 32. Kf1 Kc8 33. Kg1 Kb7 34. Qe2
Qh7 35. Qf2 Nf7 36. Be2 hxg4 37. hxg4 Ng5 38. Rxh6 Qxh6 39. Qg3 Qh1+ 40. Kf2
Rh3 41. Rg1 Rxg3 42. Rxh1 Rxc3 43. Rh8 Nxe4+ 0-1

[Event "OBEM 2016"]
[Site "Germany , Bremen"]
[Date "2016.03.23"]
[Round "6.5"]
[White "Pienski, Olaf"]
[Black "Rosin, Julius"]
[Result "1-0"]
[WhiteElo "2167"]
[BlackElo "1996"]
[PlyCount "61"]

1. e4 e5 2. Nf3 Nc6 3. Be2 Nf6 4. d3 d5 5. Nbd2 Bc5 6. O-O O-O 7. c3 a5 8. a4
Qe7 9. exd5 Nxd5 10. Nc4 Bd6 11. Qb3 Be6 12. Ng5 Nf4 13. Bxf4 exf4 14. Nxe6
Qxe6 15. Rfe1 Ne5 16. Bf1 Qd5 17. Nd2 Qc6 18. d4 Ng4 19. Bb5 Qb6 20. Nc4 Qa7
21. Nxd6 cxd6 22. Qd5 Qb8 23. Re7 Qd8 24. Rae1 Ne3 25. Qxb7 Nf5 26. Re8 Rxe8
27. Rxe8+ Qxe8 28. Bxe8 Rxe8 29. g3 g5 30. Kf1 Kg7 31. Qd7 1-0

[Event "OBEM 2016"]
[Site "Germany , Bremen"]
[Date "2016.03.23"]
[Round "6.8"]
[White "Erofeev, Anastasia"]
[Black "Pautz, Peter"]
[Result "1/2-1/2"]
[WhiteElo "1947"]
[BlackElo "2066"]
[PlyCount "77"]

1. e4 e6 2. d4 d5 3. e5 c5 4. c3 Nc6 5. Nf3 Bd7 6. a3 f6 7. Bd3 Qc7 8. Bf4 Qb6
9. b4 cxd4 10. cxd4 f5 11. Be3 Nge7 12. Nc3 Ng6 13. O-O Be7 14. Ne2 O-O 15. Qd2
Rac8 16. Bg5 Qd8 17. Rac1 Bxg5 18. Nxg5 h6 19. Nh3 Qh4 20. f4 a6 21. Rf3 Qe7
22. Rg3 Qf7 23. Rc5 Nce7 24. Nc1 Rxc5 25. bxc5 Qe8 26. Be2 Qc8 27. Rb3 Bc6 28.
Na2 Qd7 29. Nb4 Ba4 30. Rg3 Rc8 31. Na2 Bb5 32. Nc3 Bxe2 33. Qxe2 Qe8 34. Qb2
Rc7 35. Ne2 Kf7 36. Rb3 Qd7 37. Nf2 Nc6 38. Qd2 Nge7 39. h3 1/2-1/2

[Event "OBEM 2016"]
[Site "Germany , Bremen"]
[Date "2016.03.23"]
[Round "6.9"]
[White "Stieglitz, Dirk"]
[Black "Beinke, Lukas"]
[Result "1/2-1/2"]
[WhiteElo "2064"]
[BlackElo "1886"]
[PlyCount "93"]

1. d4 Nf6 2. Bf4 e6 3. e3 b6 4. Nf3 Bb7 5. Nbd2 c5 6. c3 Nc6 7. h3 Be7 8. Be2
Rc8 9. O-O O-O 10. Nc4 Ne4 11. Nfe5 d5 12. Nxc6 Bxc6 13. Ne5 Bb7 14. f3 Nd6 15.
Bd3 f6 16. Ng4 Nf7 17. Qe2 Bd6 18. Bxd6 Qxd6 19. Qf2 e5 20. Qg3 Qe6 21. b3 cxd4
22. cxd4 Rc3 23. Rad1 Rxd3 24. Rxd3 Ba6 25. Rc3 Bxf1 26. Kxf1 h5 27. Nh2 Rc8
28. Qe1 Nd6 29. g4 Nb5 30. Rxc8+ Qxc8 31. dxe5 fxe5 32. a4 Nc3 33. Kg2 Qc5 34.
gxh5 Qb4 35. h6 Qxb3 36. Ng4 Qc2+ 37. Kg3 Ne2+ 38. Kh4 d4 39. hxg7 d3 40. Qb4
Qc5 41. Qb3+ Kxg7 42. Qe6 d2 43. Nxe5 Qf8 44. Qg6+ Kh8 45. Nf7+ Qxf7 46. Qxf7
d1=Q 47. Qf8+ 1/2-1/2

[Event "OBEM 2016"]
[Site "Germany , Bremen"]
[Date "2016.03.23"]
[Round "6.10"]
[White "Kastens, Elmar"]
[Black "Buescher, Andre"]
[Result "1/2-1/2"]
[WhiteElo "1905"]
[BlackElo "2059"]
[PlyCount "43"]

1. e4 e6 2. d4 d5 3. exd5 exd5 4. Bd3 Bd6 5. Qf3 c6 6. a3 h6 7. Ne2 Nf6 8. h3
Nbd7 9. O-O O-O 10. Bf4 Ne4 11. Bxd6 Nxd6 12. Nd2 Nf6 13. Ng3 Be6 14. Rfe1 Re8
15. Re2 b5 16. Rae1 Qb6 17. Nh5 Nxh5 18. Qxh5 Bd7 19. Rxe8+ Rxe8 20. Rxe8+ Bxe8
21. Qe5 Qd8 22. f4 1/2-1/2

[Event "OBEM 2016"]
[Site "Germany , Bremen"]
[Date "2016.03.23"]
[Round "6.11"]
[White "Heldt, Nils-Lennart"]
[Black "Issing, Peter"]
[Result "1/2-1/2"]
[WhiteElo "1928"]
[BlackElo "2199"]
[PlyCount "87"]

1. d4 Nf6 2. c4 e6 3. Nc3 Bb4 4. Qc2 O-O 5. a3 Bxc3+ 6. Qxc3 b5 7. cxb5 c6 8.
bxc6 Nxc6 9. Bg5 Bb7 10. e3 Rc8 11. Ne2 Ne7 12. Qb4 Rb8 13. Bxf6 gxf6 14. Qd2
Kh8 15. Ng3 f5 16. Nh5 Nd5 17. Be2 Qg5 18. Bf3 Rg8 19. Bxd5 Bxd5 20. Nf4 Ba8
21. Rg1 d6 22. g3 Bf3 23. b4 Qe7 24. Ng2 d5 25. Nf4 a5 26. Nd3 f6 27. Qb2 axb4
28. axb4 Rb5 29. Kd2 Rgb8 30. Rgb1 Be4 31. Ra4 Qf8 32. Qa3 Qh6 33. h4 Qh5 34.
Rb2 Qf3 35. Ra8 Bxd3 36. Kxd3 Qd1+ 37. Rd2 Qf1+ 38. Re2 Qd1+ 39. Rd2 Qf1+ 40.
Re2 Qb1+ 41. Rc2 Rxb4 42. Rxb8+ Rxb8 43. Qc1 Qb5+ 44. Kd2 1/2-1/2

[Event "OBEM 2016"]
[Site "Germany , Bremen"]
[Date "2016.03.23"]
[Round "6.12"]
[White "Meyer, Irmin"]
[Black "Sausmikat, Armin"]
[Result "1-0"]
[WhiteElo "1993"]
[BlackElo "1879"]
[PlyCount "111"]

1. e4 e5 2. Nf3 Nc6 3. Bb5 a6 4. Ba4 Nf6 5. O-O Be7 6. Re1 b5 7. Bb3 d6 8. c3
O-O 9. h3 Nb8 10. d4 Nbd7 11. Nbd2 Bb7 12. Bc2 Re8 13. Nf1 Bf8 14. Ng3 g6 15.
a4 c6 16. Be3 Qe7 17. Qe2 d5 18. dxe5 Nxe5 19. Nxe5 Qxe5 20. f4 Qc7 21. e5 Nd7
22. Qg4 Bc8 23. Qf3 Bg7 24. axb5 cxb5 25. Qxd5 Bb7 26. Qd2 Rad8 27. Qf2 Bf8 28.
Be4 Ra8 {(=)} 29. Rad1 Bc5 30. Bxb7 Bxe3 31. Qxe3 Qxb7 32. Ne4 Re6 33. Rd3 Qa7
34. Qxa7 Rxa7 35. Red1 Nb6 36. Nf6+ Kg7 37. Rd8 Rxf6 38. exf6+ Kh6 39. g4 g5
40. fxg5+ Kxg5 41. Kf2 Na4 42. R8d7 Rxd7 43. Rxd7 Kxf6 44. Rd6+ Ke5 45. Rxa6
Nxb2 46. Ke3 Nd1+ 47. Kd2 Nf2 48. Rh6 Ne4+ 49. Ke2 Nf6 50. g5 Ne4 51. h4 f5 52.
gxf6 Nxf6 53. Kf3 Ke6 54. Kf4 Kf7 55. Kf5 Kg7 56. Rxf6 1-0

[Event "OBEM 2016"]
[Site "Germany , Bremen"]
[Date "2016.03.23"]
[Round "6.13"]
[White "Buhrdorf, Axel"]
[Black "Schwenke, Stefan"]
[Result "1/2-1/2"]
[WhiteElo "1974"]
[BlackElo "1714"]
[PlyCount "24"]

1. d4 e6 {(=)} 2. Nf3 d5 3. e3 Nf6 4. c4 b6 5. Nc3 Bb7 6. cxd5 Nxd5 7. Bd3 c5
8. O-O cxd4 9. exd4 Nxc3 10. bxc3 Qc7 11. Bb2 Bd6 12. h3 Nd7 1/2-1/2

[Event "OBEM 2016"]
[Site "Germany , Bremen"]
[Date "2016.03.23"]
[Round "6.14"]
[White "Ditmas, Hugh"]
[Black "Gebur, Thomas"]
[Result "1-0"]
[WhiteElo "1933"]
[BlackElo "1859"]
[PlyCount "75"]

1. d4 f5 2. Nc3 Nf6 3. Bg5 e6 4. e4 fxe4 5. Nxe4 Be7 6. Bxf6 Bxf6 7. Qh5+ g6 8.
Qh6 d5 9. Nxf6+ Qxf6 10. O-O-O Bd7 11. Nf3 Nc6 12. Bb5 O-O-O 13. Bxc6 Bxc6 14.
Rhe1 Rde8 15. Rd2 Re7 16. Ne5 Bd7 17. Re3 Qg7 18. Qxg7 Rxg7 19. Rf3 c6 20. Rdd3
Re8 21. Rf6 Ree7 22. Rdf3 Kc7 23. Kd2 b6 24. b4 Bc8 25. Rc3 Bb7 26. h4 Kd6 27.
Rf8 c5 28. bxc5+ bxc5 29. Rxc5 Rd7 30. Nxd7 Kxd7 31. Rf3 Kd6 32. Rb3 e5 33. c3
Rf7 34. Ke3 exd4+ 35. cxd4 Re7+ 36. Kd3 Re1 37. Rc2 Bc8 38. Rxc8 1-0

[Event "OBEM 2016"]
[Site "Germany , Bremen"]
[Date "2016.03.23"]
[Round "6.15"]
[White "Sinnhoefer, Jonas"]
[Black "Brinkmann, Fabian"]
[Result "1/2-1/2"]
[WhiteElo "1690"]
[BlackElo "2154"]
[PlyCount "69"]

1. e4 d6 2. d4 g6 3. c4 Bg7 4. Nc3 Nf6 5. Be2 O-O 6. Nf3 Nc6 7. d5 Nb8 8. O-O
Nbd7 9. Qc2 a5 10. Na4 c5 11. Nc3 a4 12. Bd3 Nb6 13. h3 e5 14. Bg5 h6 15. Be3
Ne8 16. b3 f5 17. Rab1 f4 18. Bc1 g5 19. Nh2 f3 20. Nxf3 Rxf3 21. gxf3 Bxh3 22.
Kh2 g4 23. Kg3 Qd7 24. Rh1 Nf6 25. Rxh3 gxh3 26. Bf1 Nh5+ 27. Kh2 Rf8 28. Bxh3
Qe7 29. Bf5 a3 30. Be3 Kh8 31. Rh1 Nf4 32. Ne2 Rg8 33. Kg1 Qg5+ 34. Ng3 Bf8 35.
Kf1 1/2-1/2

[Event "OBEM 2016"]
[Site "Germany , Bremen"]
[Date "2016.03.23"]
[Round "6.16"]
[White "Meyer, Thorsten"]
[Black "Niefuend, Michael"]
[Result "1/2-1/2"]
[WhiteElo "1982"]
[BlackElo "1795"]
[PlyCount "87"]

1. e4 c5 2. Nf3 g6 3. Be2 Nc6 4. d3 Bg7 5. c3 d5 6. Qc2 e5 7. O-O Nge7 8. Nbd2
O-O 9. exd5 Nxd5 10. Nc4 h6 11. Be3 Qe7 12. Rad1 f5 13. Bc1 Be6 14. a3 Rae8 15.
Rfe1 b5 16. Ne3 Nf4 17. Bf1 Qf7 18. Nd2 g5 19. b4 cxb4 20. axb4 g4 21. Qb1 Kh8
22. c4 Qg6 23. Bb2 Nd4 24. Bxd4 exd4 25. Nc2 Rg8 26. g3 Nh3+ 27. Bxh3 gxh3 28.
Re2 bxc4 29. dxc4 d3 30. Rxe6 dxc2 31. Rxg6 cxb1=Q 32. Nxb1 Re2 33. Rgd6 Kh7
34. Nd2 Bc3 35. b5 Rge8 36. Nf1 Be1 37. Rd7+ Kg6 38. R1d6+ Kh5 39. g4+ Kxg4 40.
Rg6+ Kf4 41. Rd4+ Ke5 42. Rd5+ Kf4 43. Rd4+ Ke5 44. Rd5+ 1/2-1/2

[Event "OBEM 2016"]
[Site "Germany , Bremen"]
[Date "2016.03.23"]
[Round "6.17"]
[White "Kropp, Joachim"]
[Black "Jung, Gerald"]
[Result "0-1"]
[WhiteElo "1750"]
[BlackElo "1929"]
[PlyCount "76"]

1. f4 c5 2. Nf3 d6 3. e4 Nc6 4. Nc3 a6 5. a4 g6 6. Bc4 Bg7 7. O-O e6 8. d3 Nge7
9. Qe1 Nd4 10. Nxd4 cxd4 11. Ne2 O-O 12. b4 d5 13. exd5 exd5 14. Bb3 Re8 15.
Rb1 Nf5 16. Qf2 Qe7 17. Re1 Qxb4 18. Bb2 Ne3 19. Ba1 Qc5 20. c3 dxc3 21. Bxc3
d4 22. Bb4 Qa7 23. Rec1 Be6 24. Bc5 b6 25. Bxd4 Ng4 26. Bxb6 Qd7 27. Rc7 Qxc7
28. Bxc7 Nxf2 29. Kxf2 Bxb3 30. Rxb3 Rac8 31. Bb6 Rc2 32. Be3 Rxe2+ 33. Kxe2
Bd4 34. Rb4 Bxe3 35. Kf3 Bg1 36. h3 Re3+ 37. Kg4 Kg7 38. d4 h5+ 0-1

[Event "OBEM 2016"]
[Site "Germany , Bremen"]
[Date "2016.03.23"]
[Round "6.18"]
[White "Ungar, Benedict"]
[Black "Rieping, Heiner"]
[Result "0-1"]
[WhiteElo "1678"]
[BlackElo "1922"]
[PlyCount "76"]

1. Nf3 d5 2. c4 Nf6 3. g3 e6 4. Bg2 Be7 5. O-O O-O 6. d3 Nc6 7. Nbd2 e5 8. cxd5
Nxd5 9. Qb3 Nb6 10. a3 Be6 11. Qc2 Qd7 12. Re1 Bd5 13. Nc4 f6 14. Nxb6 axb6 15.
Bd2 Qe6 16. b4 b5 17. Rec1 Ra6 18. e3 Rfa8 19. Qb2 Bd6 20. Rc3 e4 21. Nd4 Nxd4
22. exd4 exd3 23. Bxd5 Qxd5 24. Qb3 Qxb3 25. Rxb3 Ra4 26. Rbb1 Rxa3 27. Rxa3
Rxa3 28. Rb2 Kf7 29. Kg2 Ke6 30. f3 Kd5 31. Be3 Kc4 32. Bd2 Kxd4 33. Kf2 Kc4
34. Ke3 Be5 35. Rb1 Ra2 36. Rd1 Ra1 37. Bc1 Bb2 38. Kd2 Rxc1 0-1

[Event "OBEM 2016"]
[Site "Germany , Bremen"]
[Date "2016.03.23"]
[Round "6.19"]
[White "Hochhuth, Arnd"]
[Black "Goes, Carsten"]
[Result "1-0"]
[WhiteElo "1882"]
[BlackElo "1770"]
[PlyCount "33"]

1. e4 e6 2. d3 c5 3. Nf3 b6 4. g3 Bb7 5. Bg2 Qc7 6. O-O d6 7. Re1 Nc6 8. c3 Be7
9. a4 Nf6 10. Na3 a6 11. Nc4 O-O 12. Bf4 b5 13. axb5 axb5 14. Na3 Qb6 15. Qb3
Ra5 16. Nc4 Qc7 17. Nxa5 1-0

[Event "OBEM 2016"]
[Site "Germany , Bremen"]
[Date "2016.03.23"]
[Round "6.20"]
[White "Kuenitz, Bernhard"]
[Black "Zhong, Xianghui"]
[Result "1-0"]
[WhiteElo "1877"]
[BlackElo "1765"]
[PlyCount "47"]

1. c4 e5 2. Nc3 Nc6 3. d3 d6 4. g3 g6 5. Bg2 Bg7 6. e4 Nge7 7. Nge2 O-O 8. O-O
f5 9. f4 Rb8 10. Rb1 Bd7 11. Nd5 Nd4 12. Nxe7+ Qxe7 13. Nxd4 exd4 14. b4 c5 15.
bxc5 dxc5 16. e5 b5 17. cxb5 Bxb5 18. Ba3 Rfc8 19. Qc2 Bf8 20. Rxb5 Rxb5 21.
Qc4+ Qf7 22. Qxb5 Qxa2 23. Qb2 Qe6 24. Qb7 1-0

[Event "OBEM 2016"]
[Site "Germany , Bremen"]
[Date "2016.03.23"]
[Round "6.21"]
[White "Gerken, Juergen"]
[Black "Klemm, Robert"]
[Result "0-1"]
[WhiteElo "1630"]
[BlackElo "1852"]
[PlyCount "90"]

1. d4 Nf6 2. c4 g6 3. Nc3 Bg7 4. e4 O-O 5. Nf3 d6 6. h3 Nbd7 7. Bg5 e5 8. d5 h6
9. Be3 a5 10. Be2 b6 11. Nd2 Nxe4 12. Ndxe4 f5 13. Nxd6 cxd6 14. Qc2 Nc5 15. g4
g5 16. f3 Bd7 17. Bf2 Qf6 18. O-O-O fxg4 19. Bxc5 gxf3 20. Bxf3 Qf4+ 21. Qd2
Qxc4 22. Be4 bxc5 23. Qc2 Rf4 24. Bd3 Qb4 25. Bh7+ Kh8 26. h4 Rxh4 27. Rxh4
Qxh4 28. Rf1 Rf8 29. Rxf8+ Bxf8 30. Qg6 Qf4+ 31. Kc2 Bg7 32. Qxd6 Bf5+ 33. Bxf5
Qxf5+ 34. Kb3 Bf8 35. Qa6 e4 36. d6 Qe6+ 37. Ka4 Qxd6 38. Qxa5 c4 39. Nb5 Qc5
40. Qc3+ Kh7 41. Qe1 e3 42. Qb1+ Kg7 43. b4 Qxb4+ 44. Qxb4 Bxb4 45. Nd4 Bd2 0-1

[Event "OBEM 2016"]
[Site "Germany , Bremen"]
[Date "2016.03.23"]
[Round "6.22"]
[White "Traetmar, Mattis"]
[Black "Wundahl, Juergen"]
[Result "1-0"]
[WhiteElo "1848"]
[BlackElo "1726"]
[PlyCount "73"]

1. e4 c5 2. Nf3 Nc6 3. Bb5 a6 4. Bxc6 bxc6 5. d4 cxd4 6. Nxd4 g6 7. O-O Bg7 8.
Nc3 c5 9. Nb3 d6 10. Bg5 Nh6 11. h3 O-O 12. Qd2 Bxh3 13. gxh3 Qd7 14. Bxh6 Qxh3
15. Bf4 Bh6 16. Qe3 Qg4+ 17. Qg3 Qxf4 18. Qxf4 Bxf4 19. Nd5 e5 20. Rad1 Bg5 21.
Nb6 Rad8 22. Na5 f5 23. Nc6 Rde8 24. f3 fxe4 25. fxe4 Rxf1+ 26. Kxf1 Rf8+ 27.
Ke2 Rf4 28. Kd3 h5 29. Rg1 Rg4 30. Rxg4 hxg4 31. Nc4 g3 32. Ke2 Kf7 33. Nxd6+
Ke6 34. Nc4 Bf4 35. Kf3 g5 36. Nb8 g4+ 37. Kg2 1-0

[Event "OBEM 2016"]
[Site "Germany , Bremen"]
[Date "2016.03.23"]
[Round "6.23"]
[White "Sommer, Andreas"]
[Black "Kohlscheen, Jens"]
[Result "1-0"]
[WhiteElo "1821"]
[BlackElo "1620"]
[PlyCount "91"]

1. d4 d5 2. c4 e6 3. Nf3 Nf6 4. Bg5 Be7 5. e3 h6 6. Bh4 O-O 7. Nc3 Ne4 8. Bxe7
Qxe7 9. Nxe4 dxe4 10. Nd2 f5 11. Be2 Nd7 12. O-O a5 13. f3 exf3 14. Bxf3 c6 15.
Qc2 e5 16. Rad1 e4 17. Be2 Nf6 18. c5 Nd5 19. Bc4 Kh8 20. Bxd5 cxd5 21. Qb3 Be6
22. Nb1 Rfb8 23. Rc1 Qc7 24. Na3 Qc6 25. Qb5 Qc8 26. Rc3 Bd7 27. Qb3 Qc6 28.
Rfc1 Ra6 29. Qc2 Qe6 30. Qe2 g5 31. Nb5 Bxb5 32. Qxb5 Qc6 33. a4 Kg7 34. Rb1
Rba8 35. Rb3 R8a7 36. Ra3 Kf6 37. Qe2 Kg6 38. Rba1 Qc7 39. Rb3 Rc6 40. Rb5 Ra8
41. Ra3 Rb8 42. Rab3 Kg7 43. Rb6 Kg8 44. Qb5 Rxb6 45. Qxb6 Qc8 46. c6 1-0

[Event "OBEM 2016"]
[Site "Germany , Bremen"]
[Date "2016.03.23"]
[Round "6.24"]
[White "Nancheva, Doroteya"]
[Black "Zimmermann, Erik"]
[Result "1-0"]
[WhiteElo "1796"]
[BlackElo "1626"]
[PlyCount "69"]

1. e4 e5 2. Nf3 Nc6 3. Bb5 d6 4. d4 exd4 5. Nxd4 Bd7 6. Nc3 Nf6 7. Bg5 Be7 8.
Qd2 Nxd4 9. Bxd7+ Qxd7 10. Qxd4 h6 11. Bh4 O-O 12. O-O-O Qg4 13. Bg3 b6 14. f4
Qh5 15. f5 Nh7 16. Nd5 Bf6 17. Qd3 Rac8 18. Kb1 Bh4 19. Bf4 Bg5 20. g4 Qxg4 21.
Rdg1 Qh4 22. Bxg5 Nxg5 23. Ne7+ Kh8 24. Nxc8 Rxc8 25. Re1 Re8 26. e5 dxe5 27.
Qd7 Rg8 28. Rxe5 Nf3 29. Re8 Qf4 30. Qxf7 Nd2+ 31. Ka1 Rxe8 32. Qxe8+ Kh7 33.
Qg6+ Kh8 34. Re1 Ne4 35. Qe8+ 1-0

[Event "OBEM 2016"]
[Site "Germany , Bremen"]
[Date "2016.03.23"]
[Round "6.25"]
[White "Weinitschke, Harald"]
[Black "Bergmann, Reinhold"]
[Result "1/2-1/2"]
[WhiteElo "1687"]
[BlackElo "1860"]
[PlyCount "103"]

1. Nf3 d5 2. d4 Nf6 3. c4 e6 4. e3 b6 5. Nbd2 Bb7 6. Bd3 Nbd7 7. b3 c5 8. Bb2
cxd4 9. Bxd4 Nc5 10. Bxc5 Bxc5 11. O-O O-O 12. Qe2 Re8 13. Rac1 Rc8 14. Rfd1
Rc7 15. cxd5 exd5 16. Nf1 Qb8 17. Qb2 Rce7 18. Bb5 Rd8 19. Nd4 Qe5 20. b4 Bd6
21. f4 Qh5 22. Ng3 Qg4 23. Be2 Qg6 24. Ngf5 Ree8 25. Bd3 Ne4 26. b5 Bc5 27.
Bxe4 Rxe4 28. Qc2 Rde8 29. Rd3 h6 30. Qf2 Bc8 31. Nh4 Qf6 32. Nhf3 Bf5 33. Ne5
g5 34. g4 Bxd4 35. Rxd4 Rxd4 36. exd4 Be6 37. f5 Bc8 38. Rc7 Rf8 39. Qc2 Qd8
40. Rxa7 f6 41. Ng6 Rf7 42. Rxf7 Kxf7 43. Nh8+ Kg7 44. Ng6 Bd7 45. a4 Be8 46.
Kf2 Qb8 47. Kg2 Qd8 48. h4 Kf7 49. Qe2 Qd6 50. Nh8+ Kf8 51. h5 Bd7 52. Ng6+
1/2-1/2

[Event "OBEM 2016"]
[Site "Germany , Bremen"]
[Date "2016.03.23"]
[Round "6.26"]
[White "Boehm, Karl"]
[Black "Peine, Olaf"]
[Result "1/2-1/2"]
[WhiteElo "1852"]
[BlackElo "1504"]
[PlyCount "104"]

1. d4 d5 2. c4 e6 3. Nc3 Nf6 4. Nf3 Nc6 5. e3 Bb4 6. Bd2 O-O 7. Bd3 Bd7 8. O-O
a6 9. Qc2 dxc4 10. Bxc4 Ne7 11. Ne5 Bxc3 12. Bxc3 Ned5 13. Bd3 Nxc3 14. bxc3 g6
15. c4 Rb8 16. Rab1 Be8 17. Rb2 Nd7 18. f4 Nxe5 19. fxe5 Qg5 20. Rf3 Bc6 21.
Rg3 Qe7 22. c5 f5 23. exf6 Qxf6 24. Qe2 Kg7 25. Rb1 Rf7 26. Bxa6 Rbf8 27. Bc4
Qf2+ 28. Qxf2 Rxf2 29. Rf1 Rxf1+ 30. Bxf1 Bd5 31. a3 Ra8 32. e4 Bxe4 33. Bc4
Bd5 34. Bxd5 exd5 35. Rd3 Kf6 36. g4 Kg5 37. h3 Kf4 38. Kf2 Ra4 39. Rb3 Ke4 40.
Rxb7 Kxd4 41. Rxc7 Rxa3 42. Rxh7 Kxc5 43. h4 Ra6 44. Rh6 d4 45. h5 Ra2+ 46. Ke1
gxh5 47. gxh5 Rh2 48. Rh8 Kd6 49. h6 Ke7 50. h7 Kf7 51. Rd8 Rxh7 52. Rd7+ Kg6
1/2-1/2

[Event "OBEM 2016"]
[Site "Germany , Bremen"]
[Date "2016.03.23"]
[Round "6.27"]
[White "Proske, Matthias"]
[Black "Hoffer, Hayo"]
[Result "0-1"]
[WhiteElo "1666"]
[BlackElo "1847"]
[PlyCount "142"]

1. d4 Nf6 2. c4 e6 3. Nf3 d5 4. g3 Be7 5. Bg2 O-O 6. O-O Nbd7 7. Nbd2 b6 8. b3
Bb7 9. Re1 dxc4 10. bxc4 c5 11. e4 h6 12. e5 Nh7 13. Ne4 cxd4 14. Nd6 Bxd6 15.
exd6 Nc5 16. Qxd4 Qf6 17. Ne5 Bxg2 18. Kxg2 Rfd8 19. Bb2 Nf8 20. Rad1 Nfd7 21.
Nc6 Qxd4 22. Rxd4 Re8 23. Rg4 f6 24. Ne7+ Kf7 25. Nc6 Nd3 26. Re2 Nxb2 27. Rxb2
Rec8 28. Ne7 Rc5 29. Rb5 Rxb5 30. cxb5 e5 31. Ra4 Ke6 32. Nc6 Kxd6 33. Rg4 g5
34. Rc4 Nc5 35. Kh3 a6 36. a4 axb5 37. axb5 f5 38. f4 e4 39. Rd4+ Ke6 40. Nd8+
Ke7 41. Nc6+ Ke8 42. Rd5 gxf4 43. Re5+ Kd7 44. gxf4 Re8 45. Rxf5 e3 46. Ne5+
Ke6 47. Rh5 Kd5 48. Kg2 Ke4 49. Nf3 Rg8+ 50. Kf1 Kxf3 51. Rh3+ Kxf4 52. Rxh6
Re8 53. Ke2 Re6 54. Rh8 Nb3 55. Rh4+ Kg5 56. Rc4 Nc5 57. Rc3 Kf4 58. h4 Ne4 59.
Rc6 Ng3+ 60. Ke1 Re5 61. Rc4+ Re4 62. Rc8 Rb4 63. Rf8+ Nf5 64. h5 Rxb5 65. h6
Rb1+ 66. Ke2 Rh1 67. Rf6 Rxh6 68. Rf8 Rh2+ 69. Ke1 Ke4 70. Re8+ Kd3 71. Rd8+
Nd4 0-1

[Event "OBEM 2016"]
[Site "Germany , Bremen"]
[Date "2016.03.23"]
[Round "6.28"]
[White "Hentrop, Malte"]
[Black "Bensmann, Jannis"]
[Result "1/2-1/2"]
[WhiteElo "1847"]
[BlackElo "1566"]
[PlyCount "74"]

1. d4 f5 2. g3 e6 3. Bg2 Nf6 4. Nf3 Be7 5. c4 d5 6. O-O c6 7. b3 O-O 8. Bb2 Ne4
9. Ne5 Nd7 10. Nd2 Nxe5 11. dxe5 Bd7 12. Qc2 Be8 13. e3 Bb4 14. Nf3 g5 15. a3
Be7 16. Nd4 Bd7 17. f3 Nc5 18. b4 Na6 19. c5 Nc7 20. Rfb1 Be8 21. Bf1 g4 22. f4
h5 23. Bd3 h4 24. Kg2 Kg7 25. Bc3 Bd7 26. Bd2 Rh8 27. Rh1 Rh6 28. a4 Qh8 29.
Be1 hxg3 30. Bxg3 Qh7 31. b5 Rh8 32. Kg1 Rh3 33. Qf2 Bh4 34. Bxh4 Rxh4 35. Ra2
Qg6 36. Ne2 cxb5 37. axb5 Bxb5 1/2-1/2

[Event "OBEM 2016"]
[Site "Germany , Bremen"]
[Date "2016.03.23"]
[Round "6.29"]
[White "Bilau, Max"]
[Black "Bruening, Martin"]
[Result "1-0"]
[WhiteElo "1511"]
[BlackElo "1777"]
[PlyCount "127"]

1. d4 d5 2. Nc3 Nf6 3. Bg5 e6 4. e3 Be7 5. Bd3 b6 6. f4 Bb7 7. Nf3 O-O 8. Ne5
Ne4 9. Bxe7 Qxe7 10. Qh5 f6 11. Nf3 Nd7 12. g4 g6 13. Qh4 Qg7 14. Bxe4 dxe4 15.
Nd2 f5 16. g5 c5 17. Nb3 Qe7 18. O-O-O h5 19. d5 exd5 20. Nxd5 Bxd5 21. Rxd5
Rad8 22. Rhd1 {(=)} Nb8 23. Rxd8 Rxd8 24. Rxd8+ Qxd8 25. Qe1 Na6 {(=)} 26. Qe2
Nc7 27. Qc4+ Kf8 28. Nd2 Qd7 29. Qc3 Qg7 30. Qa3 Nd5 31. Qb3 Qd7 32. Nc4 Qc6
33. Ne5 Qd6 34. Nxg6+ Qxg6 35. Qxd5 a6 36. Qa8+ Kg7 37. Qxa6 h4 38. Qb7+ Kf8
39. Qc8+ Kg7 40. Qd7+ Kf8 41. h3 Kg8 42. Kd2 Qh5 43. Qe6+ Kg7 44. Qf6+ Kh7 45.
Qxf5+ Kg7 46. Qf6+ Kg8 47. Qd8+ Kf7 48. f5 Qf3 49. g6+ Kg7 50. Qe7+ Kh6 51.
Qxh4+ Kg7 52. Qh7+ Kf6 53. Qh4+ Kg7 54. Qf4 Qg2+ 55. Kc3 Qe2 56. Qe5+ Kh6 57.
Qxe4 Qe1+ 58. Kb3 b5 59. Qf4+ Kg7 60. Qe5+ Kh6 61. Qxc5 Qa5 62. Qb4 Qb6 63.
Qf4+ Kg7 64. Qd4+ 1-0